[Event "Eschborn op"]
[White "Sever, Mustafa Batuhan"]
[Black "Juhnke, Peter"]
[Site "Eschborn"]
[Round "4.12"]
[Result "0-1"]
[Date "2019.08.18"]
[WhiteElo "2063"]
[BlackElo "1735"]
[PlyCount "85"]
[EventDate "2019.08.16"]
[EventType "swiss"]
[EventRounds "5"]
[EventCountry "GER"]
[SourceTitle "EXT 2024"]
[Source "ChessBase"]
[SourceDate "2023.10.10"]
[SourceVersion "1"]
[SourceVersionDate "2023.10.10"]
[SourceQuality "1"]

1. e4 e6 2. d4 d5 3. Nd2 dxe4 4. Nxe4 Nd7 5. Nf3 Ngf6 6. Ng3 c5 7. c3 Qc7 8. Be2 Be7 9. 0-0 b6 10. Re1 Bb7 11. Bg5 h6 12. Be3 Bd6 13. Qc2 a6 14. Rad1 c4 15. b3 b5 16. bxc4 bxc4 17. Qa4 Bd5 18. Ne5 0-0 19. Nxc4 Bxc4 20. Qxc4 Qxc4 21. Bxc4 Rfc8 22. Be2 Rxc3 23. Rc1 Rxc1 24. Rxc1 a5 25. a4 Bb4 26. Bf3 Rf8 27. Ne4 Nd5 28. Rc2 N7b6 29. Nc5 Rc8 30. Be4 Nc3 31. Bb7 Rd8 32. g3 Nbxa4 33. Bd2 Nxc5 34. dxc5 Ne2+ 35. Kf1 Nd4 36. Bxb4 Nxc2 37. Bxa5 Rd1+ 38. Ke2 Ra1 39. Bc3 Ra2 40. Kd3 Na3 41. Ba6 Nb1 42. Bb2 Ra3+ 43. Kc4 0-1

[Event "Eschborn op"]
[White "Juhnke, Peter"]
[Black "Keller, Peter1"]
[Site "Eschborn"]
[Round "2"]
[Result "0-1"]
[Date "2016.09.03"]
[WhiteElo "1800"]
[BlackElo "2209"]
[PlyCount "72"]
[EventDate "2016.09.02"]
[EventType "swiss"]
[EventRounds "5"]
[EventCountry "GER"]
[SourceTitle "EXT 2018"]
[Source "ChessBase"]
[SourceDate "2017.10.13"]
[SourceVersion "1"]
[SourceVersionDate "2017.10.13"]
[SourceQuality "1"]

1. d4 d5 2. c4 c6 3. cxd5 cxd5 4. Nc3 Nf6 5. Bg5 Ne4 6. Nxe4 dxe4 7. Qd2 Qd5 8. Bh4 Nc6 9. e3 e5 10. Ne2 exd4 11. exd4 Bg4 12. Nc3 Qxd4 13. Qc1 a6 14. h3 Bh5 15. g4 Bg6 16. Be2 Be7 17. Bxe7 Nxe7 18. 0-0 0-0 19. Rd1 Qe5 20. Qe3 Qe6 21. Rd4 Rad8 22. Rad1 Rxd4 23. Rxd4 Nc6 24. Bc4 Qe7 25. Nd5 Qe5 26. Rd2 Re8 27. h4 h5 28. Nf4 Qf6 29. g5 Qf5 30. Nxg6 Qxg6 31. Qf4 Ne5 32. Be2 Qc6 33. Bxh5 g6 34. Bd1 Qc1 35. Kh2 Nc4 36. Ba4 b5 0-1

[Event "Hessen-ch op-A"]
[White "Schellen, Sven"]
[Black "Juhnke, Peter"]
[Site "Floersheim"]
[Round "5"]
[Result "0-1"]
[Date "2016.05.07"]
[WhiteElo "1822"]
[BlackElo "1912"]
[PlyCount "66"]
[EventDate "2016.05.05"]
[EventType "swiss"]
[EventRounds "7"]
[EventCountry "GER"]
[SourceTitle "EXT 2022"]
[Source "ChessBase"]
[SourceDate "2021.10.06"]
[SourceVersion "1"]
[SourceVersionDate "2021.10.06"]
[SourceQuality "1"]

1. d4 e6 2. c4 d5 3. Nf3 c6 4. Qc2 f5 5. g3 Nf6 6. Bg5 Bd6 7. e3 Qe7 8. Bg2 0-0 9. 0-0 Bd7 10. Nbd2 Be8 11. c5 Bc7 12. b4 h6 13. Bf4 Bxf4 14. exf4 Nbd7 15. Rfe1 Bf7 16. Qxf5 Ne4 17. Qh3 Ndf6 18. Qh4 a5 19. Nxe4 dxe4 20. Nd2 Qd7 21. Nb3 a4 22. Na5 Qxd4 23. a3 Rab8 24. Rad1 Qc3 25. Re3 Qc2 26. Rde1 Rfd8 27. g4 Rd1 28. Bxe4 Rxe1+ 29. Rxe1 Nxe4 30. g5 Nd2 31. Qg3 hxg5 32. fxg5 Rd8 33. Kg2 e5 0-1

[Event "Hessen-ch op-B"]
[White "Lukas, Anne"]
[Black "Juhnke, Peter"]
[Site "Frankfurt Sossenheim"]
[Round "2"]
[Result "0-1"]
[Date "2015.??.??"]
[WhiteElo "1772"]
[BlackElo "1900"]
[PlyCount "82"]
[EventDate "2015.05.13"]
[EventType "swiss"]
[EventRounds "7"]
[EventCountry "GER"]
[SourceTitle "EXT 2016"]
[Source "ChessBase"]
[SourceDate "2015.10.08"]
[SourceVersion "1"]
[SourceVersionDate "2015.10.08"]
[SourceQuality "1"]

1. d4 d5 2. c4 e6 3. Nf3 Nf6 4. Bg5 Nbd7 5. cxd5 exd5 6. Nc3 c6 7. a3 h6 8. Bh4 Qc7 9. e3 Bd6 10. Qc2 g5 11. Bg3 Nb6 12. Be2 Be6 13. Be5 Bxe5 14. Nxe5 Nbd7 15. Nd3 Bf5 16. b4 Rc8 17. Rc1 a6 18. Qb3 Qb8 19. a4 0-0 20. Nc5 Rfe8 21. 0-0 Kg7 22. Nxd7 Nxd7 23. b5 Qd6 24. bxc6 Rxc6 25. Qxd5 Qg6 26. a5 Be6 27. Qf3 Rec8 28. e4 g4 29. Qe3 Bb3 30. Bd3 Rxc3 31. Rxc3 Rxc3 32. Qd2 Qc6 33. e5 Bd5 34. Bf5 Nf8 35. Qf4 Ng6 36. Qd2 Bxg2 37. Re1 Nh4 38. Bxg4 Bh3 39. d5 Bxg4 40. Kh1 Bf3+ 41. Kg1 Qg6+ 0-1

[Event "Eschborn op 11th"]
[White "Rosenberger, Frank"]
[Black "Juhnke, Peter"]
[Site "Eschborn"]
[Round "3"]
[Result "1-0"]
[Date "2014.09.06"]
[WhiteElo "2000"]
[BlackElo "1786"]
[PlyCount "75"]
[EventDate "2014.09.05"]
[EventType "swiss"]
[EventRounds "5"]
[EventCountry "GER"]
[SourceTitle "EXT 2015"]
[Source "ChessBase"]
[SourceDate "2014.11.20"]
[SourceVersion "1"]
[SourceVersionDate "2014.11.20"]
[SourceQuality "1"]

1. e4 c5 2. Nf3 Nc6 3. d4 cxd4 4. Nxd4 Nf6 5. Nc3 e5 6. Ndb5 d6 7. a4 a6 8. Na3 Be7 9. Bg5 0-0 10. Bxf6 Bxf6 11. Nd5 Bg5 12. Bc4 Kh8 13. 0-0 f5 14. exf5 Bxf5 15. c3 Ne7 16. Qe2 Ng6 17. Nc2 Nh4 18. Nce3 Bg6 19. a5 Rc8 20. Nb6 Rc7 21. Rad1 Be4 22. Bd5 Bxd5 23. Nexd5 Rcf7 24. Rd3 Qe8 25. Rh3 h6 26. Qg4 Qd8 27. Qe6 Kh7 28. Nc4 Nf5 29. Rf3 e4 30. Qxe4 g6 31. Qe6 Kg7 32. Re1 h5 33. h3 Bh4 34. Nf4 Qg5 35. Qd5 Nd4 36. Qxd4+ Kh7 37. Ne6 Qxg2+ 38. Kxg2 1-0

[Event "Eschborn op 10th"]
[White "Juhnke, Peter"]
[Black "Bethke, Richard"]
[Site "Eschborn"]
[Round "5"]
[Result "1-0"]
[Date "2013.09.01"]
[WhiteElo "1733"]
[BlackElo "1486"]
[PlyCount "37"]
[EventDate "2013.08.30"]
[EventType "swiss"]
[EventRounds "5"]
[EventCountry "GER"]
[SourceTitle "EXT 2014"]
[Source "ChessBase"]
[SourceDate "2013.11.20"]
[SourceVersion "1"]
[SourceVersionDate "2013.11.20"]
[SourceQuality "1"]

1. e4 c5 2. b4 cxb4 3. Bb2 d6 4. Nf3 e5 5. d4 exd4 6. Nxd4 Nf6 7. Bd3 a5 8. 0-0 Be7 9. Nd2 0-0 10. h3 b6 11. f4 Bb7 12. g4 Kh8 13. Nf5 Nbd7 14. g5 Ne8 15. Qh5 f6 16. g6 h6 17. Nxh6 Qc7 18. Nf7+ Kg8 19. Qh7# 1-0

[Event "Eschborn op 08th"]
[White "Juhnke, Peter"]
[Black "Zimmermann, Hendrik"]
[Site "Eschborn"]
[Round "4"]
[Result "0-1"]
[Date "2011.05.15"]
[WhiteElo "1921"]
[BlackElo "2073"]
[PlyCount "116"]
[EventDate "2011.05.13"]
[EventType "swiss"]
[EventRounds "5"]
[EventCountry "GER"]
[SourceTitle "EXT 2014"]
[Source "ChessBase"]
[SourceDate "2013.11.20"]
[SourceVersion "1"]
[SourceVersionDate "2013.11.20"]
[SourceQuality "1"]

1. d4 f5 2. Nf3 Nf6 3. g3 g6 4. Bg2 Bg7 5. 0-0 0-0 6. c3 c6 7. Bg5 h6 8. Bf4 d6 9. Qc2 Qc7 10. Bc1 e5 11. e3 Be6 12. b3 e4 13. Nfd2 d5 14. Bb2 g5 15. c4 Qf7 16. f3 Na6 17. Na3 Qh5 18. Qd1 Nb4 19. Bc3 Nd3 20. Nc2 a5 21. Ne1 Nxe1 22. Qxe1 exf3 23. Bxf3 Qf7 24. Qe2 Qd7 25. Rac1 b6 26. Bg2 Ne4 27. Ba1 Bf7 28. Bh3 Be6 29. Bg2 g4 30. Rc2 a4 31. cxd5 Bxd5 32. Nc4 axb3 33. axb3 Rfb8 34. Ne5 Qe6 35. Bb2 b5 36. Rfc1 Bxe5 37. dxe5 Ra6 38. b4 Ra4 39. Qe1 Kf7 40. Bxe4 Bxe4 41. Rd2 Bd5 42. e4 Bxe4 43. Rd6 Qb3 44. Bc3 Ra2 45. Rd2 Rd8 46. Rf2 Ke6 47. Qe3 Rd1+ 48. Rxd1 Qxd1+ 49. Be1 Rxf2 50. Qxh6+ Kxe5 51. Qh8+ Ke6 52. Qe8+ Kf6 53. Qh8+ Ke7 54. Qg7+ Kd8 55. Qf8+ Kc7 56. Qe7+ Kb8 57. Qe8+ Kb7 58. Qe7+ Ka6 0-1

[Event "Eschborn op 08th"]
[White "Meijers, Viesturs"]
[Black "Juhnke, Peter"]
[Site "Eschborn"]
[Round "1"]
[Result "1-0"]
[Date "2011.05.13"]
[WhiteElo "2473"]
[BlackElo "1921"]
[PlyCount "58"]
[EventDate "2011.05.13"]
[EventType "swiss"]
[EventRounds "5"]
[EventCountry "GER"]
[SourceTitle "EXT 2014"]
[Source "ChessBase"]
[SourceDate "2013.11.20"]
[SourceVersion "1"]
[SourceVersionDate "2013.11.20"]
[SourceQuality "1"]

1. d4 Nf6 2. Bg5 d5 3. Bxf6 gxf6 4. e3 b6 5. Nf3 Bb7 6. Bd3 e6 7. 0-0 Nd7 8. c4 c6 9. e4 dxe4 10. Bxe4 f5 11. Bc2 Qf6 12. Nc3 Bg7 13. Re1 0-0 14. Qd3 Rfd8 15. Rad1 Nf8 16. h3 Ng6 17. Qe3 Ba6 18. Bb3 Bb7 19. a3 Rac8 20. Ba2 c5 21. d5 e5 22. Nh2 a6 23. Bb1 Re8 24. g4 e4 25. gxf5 Qxf5 26. Bxe4 Qd7 27. Qf3 Re5 28. Bc2 Rce8 29. Rxe5 Nxe5 1-0

[Event "Hessen-ch Gr-C"]
[White "Raab, Hendrik"]
[Black "Juhnke, Peter"]
[Site "Idstein"]
[Round "3"]
[Result "1/2-1/2"]
[Date "2009.04.09"]
[WhiteElo "1789"]
[BlackElo "1945"]
[PlyCount "57"]
[EventDate "2009.04.08"]
[EventType "swiss"]
[EventRounds "7"]
[EventCountry "GER"]
[SourceTitle "EXT 2010"]
[Source "ChessBase"]
[SourceDate "2010.11.25"]
[SourceVersion "1"]
[SourceVersionDate "2010.11.25"]
[SourceQuality "1"]

1. d4 Nf6 2. Nf3 d6 3. c4 e5 4. dxe5 Ne4 5. Nbd2 Nc5 6. b4 Ne6 7. exd6 Qxd6 8. a3 Nc6 9. Bb2 Bd7 10. e3 0-0-0 11. Be2 Rg8 12. 0-0 g5 13. Ne4 Qe7 14. Bf6 Qe8 15. Bxd8 Qxd8 16. Rc1 f5 17. Nc3 g4 18. Nd4 Ncxd4 19. exd4 Qh4 20. Re1 Rg6 21. g3 Qh5 22. h4 Be7 23. Kg2 f4 24. Nd5 Bc6 25. Bxg4 Rxg4 26. Rxe6 Bxd5+ 27. cxd5 Qxd5+ 28. Kh3 Rg7 29. Qe2 1/2-1/2

[Event "Giessen-ch"]
[White "Schwirz, Ulrich"]
[Black "Juhnke, Peter"]
[Site "Giessen"]
[Round "1"]
[Result "0-1"]
[Date "2008.02.01"]
[WhiteElo "1334"]
[BlackElo "1917"]
[PlyCount "56"]
[EventDate "2008.02.01"]
[EventType "swiss"]
[EventRounds "7"]
[EventCountry "GER"]
[SourceTitle "EXT 2010"]
[Source "ChessBase"]
[SourceDate "2010.11.25"]
[SourceVersion "1"]
[SourceVersionDate "2010.11.25"]
[SourceQuality "1"]

1. e4 d5 2. exd5 Nf6 3. Nf3 Nxd5 4. Bc4 Bg4 5. d3 e6 6. Bg5 Be7 7. Bxe7 Qxe7 8. 0-0 0-0 9. Bxd5 exd5 10. Re1 Qf6 11. d4 Nd7 12. Nbd2 Rfe8 13. c3 c6 14. Qb3 b6 15. Rxe8+ Rxe8 16. Re1 Rxe1+ 17. Nxe1 Qe6 18. Ndf3 Qe4 19. Qd1 c5 20. h3 Bh5 21. Qc1 h6 22. Kf1 Nf6 23. dxc5 bxc5 24. b3 Bxf3 25. Nxf3 Qd3+ 26. Ke1 Ne4 27. c4 Nc3 28. Qd2 Qb1+ 0-1

[Event "Karl Mala Memorial op 09th"]
[White "Juhnke, Peter"]
[Black "Sulic, Kresimir"]
[Site "Frankfurt"]
[Round "6"]
[Result "1/2-1/2"]
[Date "2005.07.31"]
[WhiteElo "1898"]
[BlackElo "2117"]
[PlyCount "99"]
[EventDate "2005.07.28"]
[EventType "swiss"]
[EventRounds "7"]
[EventCountry "GER"]
[SourceTitle "EXT 2006"]
[Source "ChessBase"]
[SourceDate "2005.11.24"]
[SourceVersion "1"]
[SourceVersionDate "2005.11.24"]
[SourceQuality "1"]

1. Nc3 d5 2. e4 c6 3. Nf3 Bg4 4. d3 e6 5. Be2 Be7 6. h3 Bh5 7. g4 Bg6 8. Ne5 d4 9. Nxg6 hxg6 10. Nb1 g5 11. f4 gxf4 12. Bxf4 Bh4+ 13. Kf1 Qf6 14. Qd2 g5 15. Kg2 Qxf4 16. Qxf4 gxf4 17. c3 Bf6 18. c4 Nd7 19. Nd2 Ne7 20. Nf3 Ng6 21. g5 Be5 22. h4 0-0-0 23. h5 Ne7 24. Kf2 Rdg8 25. Rag1 f5 26. g6 Bf6 27. b4 Ne5 28. Nxe5 Bxe5 29. Bf3 Kd7 30. a4 Bg7 31. b5 a5 32. Rb1 Kc7 33. Rbe1 fxe4 34. Bxe4 Kd6 35. Kf3 Rf8 36. Rb1 Nf5 37. bxc6 bxc6 38. Rb7 Ng3 39. Re1 Nxh5 40. c5+ Ke5 41. Bxc6+ Kf6 42. Ra7 Kxg6 43. Rxe6+ Bf6 44. Be4+ Kg5 45. Rxa5 Kh4 46. Rb5 Rhg8 47. Rb1 Rg3+ 48. Kf2 Kg4 49. Rh1 Rb8 50. Rb6 1/2-1/2

[Event "Karl Mala Memorial op 09th"]
[White "Juhnke, Peter"]
[Black "Makilla, Tobias"]
[Site "Frankfurt"]
[Round "4"]
[Result "1-0"]
[Date "2005.07.30"]
[WhiteElo "1898"]
[BlackElo "1562"]
[PlyCount "55"]
[EventDate "2005.07.28"]
[EventType "swiss"]
[EventRounds "7"]
[EventCountry "GER"]
[SourceTitle "EXT 2006"]
[Source "ChessBase"]
[SourceDate "2005.11.24"]
[SourceVersion "1"]
[SourceVersionDate "2005.11.24"]
[SourceQuality "1"]

1. e4 e5 2. f4 exf4 3. Nf3 g5 4. d4 d6 5. Bd3 Nc6 6. c3 Bg4 7. 0-0 h6 8. Nbd2 Qe7 9. b4 f5 10. Re1 Qd7 11. exf5+ Nce7 12. Qc2 0-0-0 13. a4 Bxf5 14. a5 a6 15. Ne4 Bg7 16. b5 axb5 17. a6 b6 18. a7 Kb7 19. a8Q+ Rxa8 20. Rxa8 Kxa8 21. Qa2+ Kb7 22. Bxf4 Qc6 23. Ra1 Nf6 24. Qa6+ Kb8 25. Nxd6 cxd6 26. Bxd6+ Qxd6 27. Qa8+ Kc7 28. Ra7# 1-0